| 000 | 00793 a2200193 4500 | ||
|---|---|---|---|
| 020 | _a0470848863 | ||
| 040 |
_aDLC _bDLC |
||
| 082 | 0 | 0 | _a621.382/0285/6 |
| 245 | 0 | 0 |
_aVirtual reality technologies for future telecommunications systems _cedited by Algirdas Pakstas and Ryoichi Komiya. |
| 260 |
_aWest Sussex : _bJ. Wiley, _c2002. |
||
| 300 |
_axii, 215 p. : _bill. ; _c25 cm. + _e1 CD-ROM (4 3/4 in.) |
||
| 650 | 0 |
_aTelecommunication _xForecasting. |
|
| 650 | 0 |
_aVirtual reality _xIndustrial applications. |
|
| 700 | 1 | _aPakstas, Algirdas. | |
| 700 | 1 | _aKomiya, Ryoichi. | |
| 856 | 4 | 2 |
_3Publisher description _uhttp://www.loc.gov/catdir/description/wiley038/2002072564.html |
| 856 | 4 | 2 |
_3Table of contents _uhttp://www.loc.gov/catdir/toc/wiley031/2002072564.html |
| 942 |
_cBK _k621.38202856 PAK _2ddc |
||
| 999 |
_c8219 _d8219 |
||